|
|
|
|
| LEADER |
00000nab a2200000 a 4500 |
| 001 |
vtls000923255 |
| 003 |
SK-MaSNL |
| 005 |
20260303211512.0 |
| 008 |
040720e19961102xo 0 slo |
| 035 |
|
|
|a KE32132
|
| 040 |
|
|
|a KEVKJB
|b slo
|c KEVKJB
|e AACR2
|
| 041 |
0 |
|
|a slo
|
| 044 |
|
|
|a xo
|c SK
|
| 080 |
|
|
|a 792.5
|2 1981
|
| 100 |
1 |
|
|a Urbančíková, Lýdia,
|d 1942-
|4 aut
|9 26881
|
| 245 |
1 |
0 |
|a Opera 20. storočia v novej podobe
|c Lýdia Urbančíková
|
| 500 |
|
|
|a Réžia Branislav Kriška
|
| 600 |
1 |
7 |
|a Suchoň, Eugen,
|d 1908-1993
|t Krútňava
|2 snkbucl
|9 103395
|
| 610 |
2 |
7 |
|a Štátne divadlo Košice.
|b Opera
|2 KEVKJB
|9 125500
|
| 648 |
|
7 |
|a 1996
|2 snkbucl
|9 283904
|
| 650 |
0 |
7 |
|a opery
|2 KEVKJB
|9 3214
|
| 650 |
0 |
7 |
|a operné inscenácie
|2 snkbucl
|9 3330
|
| 650 |
0 |
7 |
|a operné premiéry
|2 snkbucl
|9 835092
|
| 651 |
|
7 |
|a Košice (Slovensko)
|2 KEVKJB
|9 18694
|
| 655 |
|
7 |
|a recenzie
|2 snkbucl
|9 21907
|
| 773 |
0 |
8 |
|t Sme
|g Roč. 4, č.256, 2.11.1996
|
| 773 |
0 |
8 |
|i Príl.:
|t Sme na východe.- Roč. 1, č. 100 (02.11.1996), s. 6
|
| 852 |
|
|
|a ZVYKNI
|b KIS3GCP
|
| 999 |
|
|
|c 2203116
|d 2205046
|